Estatísticas para Cultura Geral

Clique aqui para jogar o quiz

Estatísticas Gerais

  • Esse quiz foi jogado 13 vezes
  • A pontuação média é 11 de 15

Estatísticas das Respostas

HintResposta% Correto
Que nome damos a um profissional que escreve música?Compositor
92%
Que nome damos a uma pessoa que interpreta um personagem em uma produção dramática ou cômica de cinema, televisão, teatro, ou rádio?Ator
85%
Que nome damos a um projétil de madeira ou metálico, pontiagudo e disparado com um arco?Flecha
85%
Que nome damos ao ato de estimular os órgãos genitais e zonas erógenas manualmente ou não?Masturbação
85%
Que nome damos a uma molécula que armazena a informação genética usada no desenvolvimento e funcionamento de todos os organismos vivos e diversos vírus?DNA
77%
Que nome damos á troca consciente de favores sexuais por dinheiro?Prostituição
77%
Que nome damos à arte de mover o corpo humano consistindo de uma sequência de movimentos ordenados usualmente acompanhados de música?Dança
69%
Que nome damos ao transtorno mental caracterizado por um estado depressivo persistente, falta de energia, perda de interesse e apatia?Depressão
69%
Que nome damos ao rompimento legal de vínculo de matrimónio?Divórcio
69%
Qual é o órgão principal do sistema nervoso em animais vertebrados e na maioria dos invertebrados?Cérebro
62%
Que nome damos à orientação sexual que se define como a interação ou atração sexual, afetiva, emocional e sentimental por indivíduos do mesmo sexo?Homossexualidade
62%
Que nome damos á sensação que proporciona um estado de alerta demonstrado pelo receio de fazer alguma coisa?Medo
62%
Que instrumento óptico é destinado a ampliação de imagens?Microscópio
62%
Que nome damos aos movimentos e ideologias que visam estabelecer a igualdade de género?Feminismo
54%
Que nome damos ao conjunto de princípios fundamentais ou normas juridicas de acordo com as quais um Estado ou organização é regida?Constituição
46%

Distribuição das Pontuações

Percentil de Números Respondidos

Porcentagem de Pessoas com Cada Pontuação

Sua Pontuação Histórica

Você não jogou esse quiz